000
00292nam a22001337a 4500
008
260424b ||||| |||| 00| 0 eng d
020
_a
9789951410458
041
_a
Shqip
080
_a
821.18
100
_a
40
101
_a
Rrëfime
245
_a
Rrëfime
_c
Vehbi Miftari
942
_2
udc
_c
BK
999
_c
60991
_d
60991